[Event "Schachfestival Basel 2014"]
[Site "Basel"]
[Date "2014.01.02"]
[Round "2.48"]
[White "Arounopoulos, Stephan"]
[Black "Pfau, Michael"]
[Result "1-0"]
[WhiteElo "2112"]
[BlackElo "1984"]
[PlyCount "73"]
[EventDate "2014.??.??"]
[EventRounds "7"]
[EventCountry "SUI"]
[SourceDate "2014.01.01"]

1. d4 d5 2. Nf3 Nc6 3. Bf4 Bg4 4. e3 f6 5. Be2 e6 6. c4 Bb4+ 7. Nc3 Nge7 8. h3
Bh5 9. Rc1 O-O 10. O-O Bd6 11. Bxd6 Qxd6 12. cxd5 exd5 13. a3 Kh8 14. b4 a6 15.
Na4 b6 16. Rc3 Nd8 17. Qb3 Ne6 18. Rfc1 f5 19. Qd1 Bxf3 20. Bxf3 Ra7 21. Nb2 f4
22. Bg4 Ng5 23. Nd3 fxe3 24. fxe3 Ne4 25. R3c2 Ng6 26. Rc6 Qg3 27. Qe1 Qxe1+
28. Nxe1 Nd2 29. Rxc7 Rxc7 30. Rxc7 Rf1+ 31. Kh2 h6 32. Nf3 Nc4 33. Rc8+ Kh7
34. Be6 Ne7 35. Re8 Ng6 36. Bg8+ Kh8 37. Bxd5+ 1-0

[Event "Schachfestival Basel 2014"]
[Site "Basel"]
[Date "2014.01.02"]
[Round "2.49"]
[White "Stockert, Laurids"]
[Black "O'Donnell, Conor"]
[Result "1/2-1/2"]
[WhiteElo "1973"]
[BlackElo "2112"]
[PlyCount "88"]
[EventDate "2014.??.??"]
[EventRounds "7"]
[EventCountry "SUI"]
[SourceDate "2014.01.01"]

1. e4 Nf6 2. e5 Nd5 3. Nc3 e6 4. Nxd5 exd5 5. Nf3 d6 6. d4 Nc6 7. Bd3 Bg4 8.
O-O Nxd4 9. exd6 Bxd6 10. Qe1+ Ne6 11. Ne5 Bh5 12. c4 dxc4 13. Bxc4 O-O 14. f4
Bxe5 15. Qxe5 Qd4+ 16. Be3 Qxe5 17. fxe5 Nd8 18. Bd5 Re8 19. Bd4 c6 20. Bb3 b6
21. h3 Be2 22. Rf2 Ba6 23. Rd1 Bc8 24. Bc3 a5 25. Rxd8 Rxd8 26. Rxf7 a4 27.
Rd7+ axb3 28. Rxd8+ Kf7 29. axb3 Ra1+ 30. Kh2 Be6 31. Rd6 Bd5 32. Rd7+ Kf8 33.
e6 Bxe6 34. Rxg7 Bf5 35. Rb7 b5 36. Rc7 Be4 37. b4 Rc1 38. Rd7 Bd5 39. Rxh7 Rc2
40. Kg3 Rxg2+ 41. Kf4 Rf2+ 42. Ke5 Kg8 43. Rc7 Rf7 44. Rc8+ Rf8 1/2-1/2

[Event "Schachfestival Basel 2014"]
[Site "Basel"]
[Date "2014.01.02"]
[Round "2.50"]
[White "Heinis, Vincent"]
[Black "Cote, Frederic"]
[Result "1-0"]
[WhiteElo "2111"]
[BlackElo "1972"]
[PlyCount "87"]
[EventDate "2014.??.??"]
[EventRounds "7"]
[EventCountry "SUI"]
[SourceDate "2014.01.01"]

1. Nf3 d6 2. c4 c6 3. d4 Bg4 4. Qb3 Qb6 5. g3 Qxb3 6. axb3 Bxf3 7. exf3 g6 8.
Bg2 Bg7 9. Be3 Nf6 10. O-O O-O 11. Nc3 Na6 12. Ra4 Nc7 13. Rfa1 a6 14. h3 Nd7
15. f4 f5 16. Rd1 e6 17. Raa1 d5 18. c5 h5 19. Bf1 Ne8 20. Kg2 Nef6 21. Ra4 Kf7
22. Rda1 Rh8 23. Ne2 h4 24. Ng1 hxg3 25. fxg3 Ne4 26. Nf3 Bf6 27. h4 Ke7 28.
Bd3 Rhg8 29. Rh1 Bh8 30. Ne5 Ndf6 31. Rb4 Ra7 32. Ra1 Ng4 33. Nxg4 fxg4 34. Be2
Nf6 35. Rba4 Raa8 36. Bd2 Kd7 37. Rb4 Rab8 38. f5 exf5 39. Bf4 Rbe8 40. Rxb7+
Ke6 41. Rxa6 Rc8 42. Bb5 Rg7 43. Bxc6 Rxb7 44. Bxb7+ 1-0

[Event "Schachfestival Basel 2014"]
[Site "Basel"]
[Date "2014.01.02"]
[Round "2.51"]
[White "Schroeter, Michael"]
[Black "Berset, Philippe"]
[Result "0-1"]
[WhiteElo "1971"]
[BlackElo "2109"]
[PlyCount "68"]
[EventDate "2014.??.??"]
[EventRounds "7"]
[EventCountry "SUI"]
[SourceDate "2014.01.01"]

1. e4 e6 2. d4 d5 3. Nc3 Bb4 4. e5 c5 5. a3 Bxc3+ 6. bxc3 Qc7 7. Nf3 b6 8. a4
Ba6 9. Bb5+ Bxb5 10. axb5 a5 11. bxa6 Rxa6 12. Rxa6 Nxa6 13. O-O Ne7 14. Qe2
Nb8 15. Ba3 O-O 16. c4 dxc4 17. Qxc4 Nd7 18. Ng5 h6 19. Ne4 Ra8 20. Bc1 Qc6 21.
Nc3 cxd4 22. Qxd4 Nf5 23. Qb4 Nxe5 24. Bb2 Nc4 25. Ba1 Nh4 26. f3 Nf5 27. Ne4
Nce3 28. Rc1 Ra4 29. Qb2 Qc4 30. Qxb6 Nxc2 31. Qd8+ Kh7 32. Bxg7 Nxg7 33. Qf8
Qd4+ 34. Kh1 Ra1 0-1

[Event "Schachfestival Basel 2014"]
[Site "Basel"]
[Date "2014.01.02"]
[Round "2.52"]
[White "Heer, Stephan"]
[Black "Chauveau, Philippe"]
[Result "1-0"]
[WhiteElo "2106"]
[BlackElo "1968"]
[PlyCount "63"]
[EventDate "2014.??.??"]
[EventRounds "7"]
[EventCountry "SUI"]
[SourceDate "2014.01.01"]

1. d4 d5 2. c4 e6 3. Nf3 Nf6 4. Nc3 c6 5. Bg5 Nbd7 6. e3 Qa5 7. Nd2 Bb4 8. Qc2
Ne4 9. Ndxe4 dxe4 10. Bh4 O-O 11. Be2 e5 12. O-O exd4 13. exd4 g5 14. Bg3 f5
15. f4 Bxc3 16. bxc3 g4 17. Bh4 Nf6 18. Rab1 Kg7 19. h3 h5 20. hxg4 hxg4 21. g3
Rb8 22. Kg2 Be6 23. Rh1 b5 24. Bg5 Rh8 25. Bxf6+ Kxf6 26. Rxh8 Rxh8 27. d5 cxd5
28. Qd2 Qd8 29. Qd4+ Kg6 30. cxd5 Qxd5 31. Qxh8 Qd2 32. Qe8+ 1-0

[Event "Schachfestival Basel 2014"]
[Site "Basel"]
[Date "2014.01.02"]
[Round "2.53"]
[White "Hartmann, Wolfgang"]
[Black "Stoeri, Laura"]
[Result "0-1"]
[WhiteElo "1968"]
[BlackElo "2103"]
[PlyCount "76"]
[EventDate "2014.??.??"]
[EventRounds "7"]
[EventCountry "SUI"]
[SourceDate "2014.01.01"]

1. e4 e5 2. Nf3 Nc6 3. Bc4 Bc5 4. b4 Bxb4 5. c3 Be7 6. d4 Na5 7. Nxe5 Nxc4 8.
Nxc4 d5 9. exd5 Qxd5 10. Ne3 Qd8 11. O-O Nf6 12. Nd2 O-O 13. Nf3 c6 14. Qc2 Nd5
15. c4 Nxe3 16. fxe3 Bf6 17. Bb2 Bg4 18. c5 Re8 19. Ne5 Bxe5 20. dxe5 Qd5 21.
Bd4 Rab8 22. Qa4 Qd7 23. Qxa7 Ra8 24. Qb6 Be2 25. Rfb1 Bb5 26. a4 Bd3 27. Rd1
Bc2 28. Rd2 Rxa4 29. Rxa4 Bxa4 30. Qb4 Bb5 31. Qb1 Rxe5 32. Qb2 Rf5 33. Rf2
Rxc5 34. Qa1 Rd5 35. Qa8+ Qd8 36. Qxb7 Qe8 37. Qa7 c5 38. Qb7 Bc6 0-1

[Event "Schachfestival Basel 2014"]
[Site "Basel"]
[Date "2014.01.02"]
[Round "2.54"]
[White "Pfister, Peter"]
[Black "Moos, Gerd"]
[Result "1-0"]
[WhiteElo "2102"]
[BlackElo "1967"]
[PlyCount "103"]
[EventDate "2014.??.??"]
[EventRounds "7"]
[EventCountry "SUI"]
[SourceDate "2014.01.01"]

1. d4 d5 2. Nf3 Nf6 3. e3 Bf5 4. Be2 e6 5. Nbd2 h6 6. O-O Nbd7 7. b3 Be7 8. Bb2
c6 9. Re1 a5 10. a4 Qb6 11. Ne5 Nxe5 12. dxe5 Ne4 13. Bd4 Bc5 14. Nb1 O-O 15.
f3 Ng5 16. c3 Bxd4 17. exd4 f6 18. Bd3 Bxd3 19. Qxd3 f5 20. Nd2 Rad8 21. Reb1
Qa7 22. b4 b6 23. bxa5 bxa5 24. Nb3 Kf7 25. Nc5 Rb8 26. Qa6 Qxa6 27. Nxa6 Ra8
28. Rb7+ Kg8 29. Nc5 Rfe8 30. Rab1 Nf7 31. Rc7 Nd8 32. Rb6 Kf8 33. Nd7+ Kg8 34.
Nb8 c5 35. dxc5 Nf7 36. Nc6 Nd8 37. Nd4 Kf8 38. Nb5 Re7 39. Rxe7 Kxe7 40. c6
Rc8 41. c7 Nf7 42. f4 Kd7 43. Ra6 g5 44. g3 gxf4 45. gxf4 Rg8+ 46. Kf2 Rg4 47.
Ra8 Rxf4+ 48. Ke2 Rc4 49. Rf8 Nxe5 50. Rd8+ Ke7 51. c8=Q Re4+ 52. Kd1 1-0

[Event "Schachfestival Basel 2014"]
[Site "Basel"]
[Date "2014.01.02"]
[Round "2.55"]
[White "Stucki, Kaspar"]
[Black "Strauss, Juergen"]
[Result "0-1"]
[WhiteElo "1966"]
[BlackElo "2101"]
[PlyCount "76"]
[EventDate "2014.??.??"]
[EventRounds "7"]
[EventCountry "SUI"]
[SourceDate "2014.01.01"]

1. d4 Nf6 2. Nf3 g6 3. g3 Bg7 4. Bg2 O-O 5. O-O d5 6. Nbd2 c6 7. Ne5 Bf5 8. b3
a5 9. a4 Na6 10. Bb2 Re8 11. e3 Nb4 12. Rc1 Nd7 13. g4 Be6 14. f4 f6 15. Nd3
Rc8 16. Nxb4 axb4 17. e4 dxe4 18. Nxe4 Bd5 19. Qd2 Qb6 20. Kh1 Rcd8 21. Rcd1 e6
22. Nd6 Re7 23. a5 Qc7 24. Qxb4 Nf8 25. Nc4 f5 26. gxf5 exf5 27. Ne5 Ne6 28. c4
Bxg2+ 29. Kxg2 Nxf4+ 30. Kh1 g5 31. c5 Rf8 32. Qc4+ Nd5 33. b4 Kh8 34. b5 Ne3
35. Qc1 f4 36. b6 Qd8 37. a6 Qd5+ 38. Nf3 g4 0-1

[Event "Schachfestival Basel 2014"]
[Site "Basel"]
[Date "2014.01.02"]
[Round "2.56"]
[White "Mueller, Daniel"]
[Black "Fuerst, Martin"]
[Result "1/2-1/2"]
[WhiteElo "2100"]
[BlackElo "1951"]
[PlyCount "110"]
[EventDate "2014.??.??"]
[EventRounds "7"]
[EventCountry "SUI"]
[SourceDate "2014.01.01"]

1. d4 d5 2. Nf3 Nf6 3. g3 e6 4. Bg2 c6 5. O-O Nbd7 6. b3 Be7 7. c4 O-O 8. Bb2
Ne4 9. Nc3 f5 10. e3 Bf6 11. Qe2 Qe7 12. a3 b6 13. cxd5 cxd5 14. Rfc1 a5 15. a4
Ba6 16. Nb5 Rfc8 17. Bf1 Qd8 18. Nd2 Be7 19. Nxe4 fxe4 20. Qg4 Nf8 21. f3 exf3
22. Qxf3 Rxc1 23. Rxc1 Rc8 24. Bd3 Rxc1+ 25. Bxc1 Bb7 26. Bd2 Qd7 27. Qf4 Bc6
28. Qb8 Qb7 29. Qf4 Qd7 30. Kg2 Bxb5 31. Bxb5 Qd6 32. Qxd6 Bxd6 33. Kf3 Kf7 34.
e4 dxe4+ 35. Kxe4 Ng6 36. d5 Ne7 37. Bc4 e5 38. Bc3 Kf6 39. g4 Ng6 40. Bb5 Kg5
41. Bd7 Kf6 42. Bf5 Ne7 43. Bd7 h6 44. h4 Ng6 45. Be1 Nf4 46. h5 Ne2 47. Bh4+
Kf7 48. Kd3 Nd4 49. Kc4 Bc5 50. g5 hxg5 51. Bxg5 e4 52. Be3 Nxb3 53. Kxb3 Bxe3
54. Bf5 Kf6 55. Bxe4 Ke5 1/2-1/2

[Event "Schachfestival Basel 2014"]
[Site "Basel"]
[Date "2014.01.02"]
[Round "3.1"]
[White "Wojtaszek, Radoslaw"]
[Black "Sethuraman, SP."]
[Result "1-0"]
[WhiteElo "2711"]
[BlackElo "2553"]
[PlyCount "103"]
[EventDate "2014.??.??"]
[EventRounds "7"]
[EventCountry "SUI"]
[SourceDate "2014.01.01"]

1. d4 Nf6 2. c4 g6 3. Nf3 Bg7 4. g3 O-O 5. Bg2 d6 6. Nc3 Nbd7 7. O-O e5 8. e4
exd4 9. Nxd4 Re8 10. h3 Nc5 11. Re1 Bd7 12. Bf4 h6 13. Rb1 a5 14. Kh2 a4 15.
Ndb5 Nh5 16. Be3 a3 17. b4 Bxb5 18. Nxb5 Nxe4 19. Bd4 f5 20. Bxg7 Kxg7 21. Qd4+
Kh7 22. g4 Ng7 23. gxf5 Nxf5 24. Qd5 Re7 25. Bxe4 c6 26. Qd3 cxb5 27. Bxf5 gxf5
28. Qxf5+ Kh8 29. cxb5 Rxe1 30. Rxe1 Qf8 31. Qxf8+ Rxf8 32. Kg3 Rg8+ 33. Kf3
Rf8+ 34. Kg3 Rg8+ 35. Kf3 Rf8+ 36. Ke3 Rf5 37. b6 Rb5 38. Rb1 Rxb6 39. b5 d5
40. Rb3 Re6+ 41. Kd4 Re2 42. Rxa3 Rxf2 43. Kxd5 Rf5+ 44. Kc4 b6 45. Ra6 Rf6 46.
a4 Kg7 47. a5 Rf4+ 48. Kd5 bxa5 49. b6 Rb4 50. Kc5 Rb3 51. Rxa5 Rc3+ 52. Kb4
1-0

[Event "Schachfestival Basel 2014"]
[Site "Basel"]
[Date "2014.01.02"]
[Round "3.2"]
[White "Sengupta, Deep"]
[Black "Rodshtein, Maxim"]
[Result "1-0"]
[WhiteElo "2570"]
[BlackElo "2683"]
[PlyCount "109"]
[EventDate "2014.??.??"]
[EventRounds "7"]
[EventCountry "SUI"]
[SourceDate "2014.01.01"]

1. e4 c5 2. Nf3 e6 3. d4 cxd4 4. Nxd4 Nc6 5. Nc3 Qc7 6. Be3 a6 7. Be2 b5 8.
Nxc6 Qxc6 9. e5 Bb7 10. Bf3 Qc7 11. Bxb7 Qxb7 12. Qd3 f5 13. O-O-O Ne7 14. f4
Rc8 15. Rd2 g5 16. fxg5 Bg7 17. Rhd1 Rc7 18. Bf4 O-O 19. h4 Ng6 20. g3 Bxe5 21.
Ne2 Rc4 22. h5 Nxf4 23. gxf4 Rxf4 24. g6 Rg4 25. Qe3 d6 26. Qb3 Qe7 27. Kb1
hxg6 28. hxg6 Rxg6 29. Nd4 d5 30. Re1 Rf7 31. a4 Bxd4 32. Rxd4 Qc5 33. Qd3 Rfg7
34. Qd1 Kf7 35. c3 Rh7 36. Rd2 Rh4 37. axb5 axb5 38. Rde2 Qc4 39. Qc2 Re4 40.
Rxe4 dxe4 41. Rd1 Qc7 42. Qe2 Kf6 43. Qf2 Rg4 44. Qd4+ Kg5 45. Qh8 e3 46. Rh1
Kf4 47. Rf1+ Kg5 48. Rh1 Kf4 49. Rf1+ Kg5 50. Qg8+ Kh4 51. Qxe6 Qb7 52. Qh6+
Kg3 53. Qxe3+ Kh2 54. Qf2+ Qg2 55. Qxf5 1-0

[Event "Schachfestival Basel 2014"]
[Site "Basel"]
[Date "2014.01.02"]
[Round "3.3"]
[White "Mozharov, Mikhail"]
[Black "Istratescu, Andrei"]
[Result "1/2-1/2"]
[WhiteElo "2534"]
[BlackElo "2670"]
[PlyCount "119"]
[EventDate "2014.??.??"]
[EventRounds "7"]
[EventCountry "SUI"]
[SourceDate "2014.01.01"]

1. e4 e6 2. d4 d5 3. Nc3 Bb4 4. e5 b6 5. Qg4 Bf8 6. h4 Ba6 7. Bxa6 Nxa6 8. a3
Qd7 9. h5 c5 10. Nf3 h6 11. Qf4 Ne7 12. Be3 Nf5 13. g4 Nxd4 14. Nxd4 cxd4 15.
Bxd4 Be7 16. Qd2 Nb8 17. Ne2 Nc6 18. f4 O-O-O 19. O-O-O Kb7 20. Bc3 Rc8 21. Kb1
a5 22. Qd3 Rhd8 23. Rhf1 Qc7 24. Nd4 Nxd4 25. Bxd4 Qc4 26. f5 Qxd3 27. Rxd3 Bc5
28. c3 Bxd4 29. cxd4 Rd7 30. Rc3 Rc4 31. Rf4 b5 32. Kc2 b4 33. Rxc4 dxc4 34.
axb4 axb4 35. b3 c3 36. fxe6 fxe6 37. d5 Rxd5 38. Rxb4+ Kc6 39. Re4 Rb5 40.
Kxc3 Kd5 41. Rb4 Ra5 42. Ra4 Rc5+ 43. Rc4 Ra5 44. Rc7 Kxe5 45. Rxg7 Kf4 46. Rg6
e5 47. Rxh6 Kxg4 48. b4 Ra8 49. b5 e4 50. b6 e3 51. Kd3 Ra3+ 52. Kc4 Ra4+ 53.
Kb5 Re4 54. b7 e2 55. Rg6+ Kxh5 56. Rg1 e1=Q 57. Rxe1 Rxe1 58. Kb6 Rb1+ 59. Ka7
Rxb7+ 60. Kxb7 1/2-1/2

[Event "Schachfestival Basel 2014"]
[Site "Basel"]
[Date "2014.01.02"]
[Round "3.4"]
[White "Grachev, Boris"]
[Black "Heimann, Andreas"]
[Result "1/2-1/2"]
[WhiteElo "2669"]
[BlackElo "2511"]
[PlyCount "67"]
[EventDate "2014.??.??"]
[EventRounds "7"]
[EventCountry "SUI"]
[SourceDate "2014.01.01"]

1. d4 Nf6 2. Nf3 e6 3. c4 b6 4. g3 Ba6 5. Qb3 Bb7 6. Bg2 Be7 7. O-O O-O 8. Nc3
d5 9. Bf4 Nbd7 10. Rfd1 c6 11. Rac1 Nh5 12. Bd2 Nhf6 13. Bg5 h6 14. Bxf6 Nxf6
15. Ne5 Qb8 16. Nd3 Rc8 17. Nf4 Bd6 18. e3 Bxf4 19. gxf4 dxc4 20. Qxc4 c5 21.
Qf1 cxd4 22. Rxd4 Bxg2 23. Kxg2 Qb7+ 24. f3 Rd8 25. Rcd1 Rxd4 26. Rxd4 Qe7 27.
Qd3 e5 28. fxe5 Qxe5 29. Rd8+ Rxd8 30. Qxd8+ Kh7 31. Qd3+ Kg8 32. Qd8+ Kh7 33.
Qd3+ Kg8 34. Qd8+ 1/2-1/2

[Event "Schachfestival Basel 2014"]
[Site "Basel"]
[Date "2014.01.02"]
[Round "3.5"]
[White "Popilski, Gil"]
[Black "Bartel, Mateusz"]
[Result "1-0"]
[WhiteElo "2490"]
[BlackElo "2649"]
[PlyCount "99"]
[EventDate "2014.??.??"]
[EventRounds "7"]
[EventCountry "SUI"]
[SourceDate "2014.01.01"]

1. d4 Nf6 2. c4 e6 3. Nc3 Bb4 4. e3 O-O 5. Bd3 c5 6. Nge2 d6 7. O-O Nc6 8. a3
Ba5 9. Qc2 h6 10. b3 cxd4 11. Nxd4 Nxd4 12. exd4 Bb6 13. Ne2 e5 14. dxe5 dxe5
15. Bb2 Re8 16. c5 Bc7 17. Ng3 Bg4 18. h3 Bd7 19. Rfe1 Rc8 20. Rad1 Qe7 21. f4
Be6 22. fxe5 Nd5 23. Ne4 Nf4 24. Bb5 Red8 25. Nd6 Bxd6 26. exd6 Qg5 27. b4 Bb3
28. Qe4 Bxd1 29. Rxd1 Nxh3+ 30. Kf1 Nf4 31. d7 Ra8 32. Bc1 Qh5 33. Qf3 Qxf3+
34. gxf3 Ne6 35. Be3 a5 36. c6 bxc6 37. Bxc6 axb4 38. Bxa8 Rxa8 39. axb4 Rb8
40. Bc5 f5 41. Be7 Kf7 42. d8=Q Nxd8 43. Rxd8 Rxd8 44. Bxd8 Ke6 45. Kg2 g5 46.
Kg3 Kd5 47. Be7 Kc4 48. Bf8 h5 49. Be7 g4 50. f4 1-0

[Event "Schachfestival Basel 2014"]
[Site "Basel"]
[Date "2014.01.02"]
[Round "3.6"]
[White "Popov, Ivan"]
[Black "Kopylov, Michael"]
[Result "1-0"]
[WhiteElo "2644"]
[BlackElo "2455"]
[PlyCount "43"]
[EventDate "2014.??.??"]
[EventRounds "7"]
[EventCountry "SUI"]
[SourceDate "2014.01.01"]

1. e4 e6 2. d4 d5 3. Nc3 dxe4 4. Nxe4 Nd7 5. Nf3 Ngf6 6. Nxf6+ Nxf6 7. c3 c5 8.
Ne5 Bd6 9. Bb5+ Ke7 10. O-O Qc7 11. Qe2 h6 12. Bf4 Rd8 13. Rad1 a6 14. Bc4 b5
15. dxc5 Qxc5 16. Bb3 Bxe5 17. Bxe5 Bb7 18. Bd4 Qg5 19. f4 Qh4 20. Bc5+ Ke8 21.
Bxe6 Ne4 22. Bd5 1-0

[Event "Schachfestival Basel 2014"]
[Site "Basel"]
[Date "2014.01.02"]
[Round "3.7"]
[White "Dann, Matthias"]
[Black "Kovalenko, Igor"]
[Result "1/2-1/2"]
[WhiteElo "2443"]
[BlackElo "2643"]
[PlyCount "255"]
[EventDate "2014.??.??"]
[EventRounds "7"]
[EventCountry "SUI"]
[SourceDate "2014.01.01"]

1. e4 d5 2. exd5 Qxd5 3. Nc3 Qd6 4. d4 Nf6 5. Nf3 Bg4 6. Be3 c6 7. h3 Bh5 8. g4
Bg6 9. Ne5 Nbd7 10. Nxg6 hxg6 11. Qf3 Nd5 12. Bg2 e6 13. O-O Be7 14. Ne4 Qc7
15. Bd2 O-O 16. c4 N5f6 17. Rad1 Nxe4 18. Qxe4 Rad8 19. Bc3 Nf6 20. Qe2 Rd7 21.
f4 Rfd8 22. Kh1 a5 23. b3 Bb4 24. Ba1 a4 25. Rd3 axb3 26. axb3 Ra8 27. Re3 Rxa1
28. Rxa1 Rxd4 29. Rd3 Qxf4 30. Rf1 Qd6 31. Rxd4 Qxd4 32. Qf2 Qxf2 33. Rxf2 Nd7
34. Be4 Nc5 35. Bc2 g5 36. Rf1 g6 37. Kg2 Kg7 38. Ra1 Kf6 39. Ra8 Ke7 40. Kf3
Kd6 41. Rb8 Bc3 42. Ke3 Ke7 43. Kf3 Ba5 44. Ra8 Bb4 45. Rb8 Kd6 46. Ke3 Ba5 47.
Rf8 Ke7 48. Ra8 Na6 49. Kf3 Bb6 50. Be4 Kd6 51. Rf8 f5 52. Bb1 Ke7 53. Rh8 Kf6
54. Rh7 e5 55. Rxb7 e4+ 56. Ke2 Bc5 57. Rh7 Nb4 58. Rh8 Bd4 59. Rf8+ Ke7 60.
Rg8 Kf7 61. Rb8 Bc5 62. Rh8 Kf6 63. Re8 Be7 64. Rg8 Kf7 65. Rb8 Ke6 66. Rg8 Kf6
67. Rb8 Kf7 68. Rb7 Ke6 69. Rb8 c5 70. Rg8 Kf7 71. Rc8 Bd6 72. Ke3 Ke6 73. Re8+
Be7 74. Rg8 Kf6 75. gxf5 gxf5 76. Bxe4 fxe4 77. Kxe4 Ke6 78. Rc8 Kd6 79. Rg8
Nc6 80. Rg6+ Kd7 81. Rh6 Na5 82. Rb6 Kc7 83. Re6 Kd7 84. Rb6 Nc6 85. Kd5 Nb4+
86. Ke4 Bd8 87. Rg6 Nc6 88. Rg7+ Ke6 89. Rg8 Be7 90. Ra8 Bd6 91. Rg8 Be7 92.
Ra8 Nb4 93. Rg8 Na2 94. Ra8 Nc1 95. Ra6+ Kf7 96. Rb6 Ne2 97. Kf3 Nd4+ 98. Ke4
Ne6 99. Kf5 Ng7+ 100. Ke4 Nh5 101. Kf5 Ng3+ 102. Ke5 Ne2 103. Kf5 Ng3+ 104. Ke5
Nh1 105. Kf5 Nf2 106. Rh6 Nd3 107. Rb6 Ke8 108. Rb7 Kd8 109. Ra7 Ke8 110. Rb7
Kf8 111. Rb6 Kf7 112. Rh6 Ke8 113. Re6 Kd7 114. Re3 Nb4 115. Rg3 Kd6 116. Re3
Nc2 117. Rd3+ Nd4+ 118. Ke4 Bf6 119. Rg3 Kc6 120. Rd3 Kb6 121. Kd5 Ne2 122. Rf3
Bd4 123. Ke4 Ka5 124. Kd3 Nf4+ 125. Kc2 Kb4 126. Rg3 Ne6 127. Rd3 Bh8 128. Kb1
1/2-1/2

[Event "Schachfestival Basel 2014"]
[Site "Basel"]
[Date "2014.01.02"]
[Round "3.8"]
[White "Van Kampen, Robin Oscar"]
[Black "Brunner, Nicolas"]
[Result "1-0"]
[WhiteElo "2601"]
[BlackElo "2441"]
[PlyCount "117"]
[EventDate "2014.??.??"]
[EventRounds "7"]
[EventCountry "SUI"]
[SourceDate "2014.01.01"]

1. e4 c5 2. Nf3 d6 3. d4 cxd4 4. Nxd4 Nf6 5. Nc3 a6 6. g3 e5 7. Nb3 Be7 8. Bg2
b5 9. O-O Bb7 10. a4 b4 11. Nd5 Nxd5 12. exd5 a5 13. Bd2 O-O 14. c3 bxc3 15.
Bxc3 Qb6 16. Ra3 Rc8 17. Qd2 Bd8 18. Re1 g6 19. Nd4 Ba6 20. Rb3 Qa7 21. Nc6
Nxc6 22. dxc6 Qc5 23. Qd5 Qxd5 24. Bxd5 Rab8 25. Rxb8 Rxb8 26. f4 Bb6+ 27. Kg2
Bc7 28. fxe5 dxe5 29. Bxe5 Bxe5 30. Rxe5 Rxb2+ 31. Kg1 Kf8 32. Bf3 Rb3 33. Kf2
Rb2+ 34. Ke1 Rb3 35. Kf2 Rb2+ 36. Ke1 Rb3 37. Rxa5 Rxf3 38. Rxa6 Ke7 39. c7 Kd7
40. Rc6 Kc8 41. a5 Ra3 42. a6 Ra1+ 43. Kf2 Ra2+ 44. Kg1 f5 45. h4 Rb2 46. Rf6
Kxc7 47. Rf7+ Kd6 48. Rxh7 Ke5 49. Rb7 Ra2 50. Rb6 Ke4 51. Rxg6 Kf3 52. h5 Ra1+
53. Kh2 Ra2+ 54. Kh3 Ra1 55. Kh4 f4 56. Rf6 Rh1+ 57. Kg5 Kxg3 58. Rxf4 Ra1 59.
Rf6 1-0

[Event "Schachfestival Basel 2014"]
[Site "Basel"]
[Date "2014.01.02"]
[Round "3.9"]
[White "Kashlinskaya, Alina"]
[Black "Mareco, Sandro"]
[Result "1/2-1/2"]
[WhiteElo "2422"]
[BlackElo "2581"]
[PlyCount "58"]
[EventDate "2014.??.??"]
[EventRounds "7"]
[EventCountry "SUI"]
[SourceDate "2014.01.01"]

1. d4 Nf6 2. c4 e6 3. Nc3 Bb4 4. e3 O-O 5. Bd3 d5 6. Nf3 c5 7. O-O cxd4 8. exd4
dxc4 9. Bxc4 b6 10. Ne5 Bb7 11. Bg5 h6 12. Bh4 Nbd7 13. Qe2 Bxc3 14. bxc3 Qc7
15. Nxd7 Nxd7 16. Rac1 Rfe8 17. Bg3 Qc8 18. Rfe1 Nf6 19. Bd3 Bc6 20. f3 Qd7 21.
Be5 b5 22. Bxf6 gxf6 23. Qe3 Kg7 24. Qf4 Rg8 25. Re3 Rac8 26. Qg3+ Kf8 27. Qf4
Kg7 28. Qg3+ Kf8 29. Qf4 Kg7 1/2-1/2

[Event "Schachfestival Basel 2014"]
[Site "Basel"]
[Date "2014.01.02"]
[Round "3.10"]
[White "Loetscher, Roland"]
[Black "Fier, Alexandr"]
[Result "0-1"]
[WhiteElo "2412"]
[BlackElo "2572"]
[PlyCount "82"]
[EventDate "2014.??.??"]
[EventRounds "7"]
[EventCountry "SUI"]
[SourceDate "2014.01.01"]

1. d4 Nf6 2. c4 e6 3. g3 c5 4. d5 exd5 5. cxd5 d6 6. Nc3 g6 7. Nf3 Bg7 8. Nd2
O-O 9. Nc4 Ne8 10. Bg2 Nd7 11. a4 Nb6 12. Na3 Bd7 13. O-O Bxc3 14. bxc3 Nxa4
15. c4 Qf6 16. Bd2 Qd4 17. Bh6 Ng7 18. Qxd4 cxd4 19. Bf4 Rfe8 20. Rfe1 Nf5 21.
g4 Nh4 22. f3 Nxg2 23. Kxg2 Nc3 24. Kf2 b5 25. cxb5 Bxb5 26. Nxb5 Nxb5 27. Ra6
Rac8 28. Rc6 Rxc6 29. dxc6 Rc8 30. Rc1 Kf8 31. e3 Ke7 32. exd4 Ke6 33. Re1+ Kd5
34. Re7 Rc7 35. Re8 Rxc6 36. Rh8 Nxd4 37. Rxh7 Rc2+ 38. Kf1 Rc3 39. Kg2 Rxf3
40. Rxf7 g5 41. Rxa7 gxf4 0-1

[Event "Schachfestival Basel 2014"]
[Site "Basel"]
[Date "2014.01.02"]
[Round "3.11"]
[White "Pelletier, Yannick"]
[Black "Lekic, Dusan"]
[Result "1-0"]
[WhiteElo "2576"]
[BlackElo "2417"]
[PlyCount "61"]
[EventDate "2014.??.??"]
[EventRounds "7"]
[EventCountry "SUI"]
[SourceDate "2014.01.01"]

1. d4 d5 2. c4 c6 3. Nc3 Nf6 4. e3 e6 5. Nf3 Nbd7 6. Qc2 Bd6 7. Bd3 O-O 8. O-O
dxc4 9. Bxc4 a6 10. Rd1 b5 11. Bd3 Qc7 12. Bd2 c5 13. dxc5 Nxc5 14. Bxb5 Bb7
15. Be2 Ng4 16. g3 Nxf2 17. Kxf2 Bxg3+ 18. hxg3 Ne4+ 19. Qxe4 Bxe4 20. Nxe4 Qb7
21. Nc5 Qxb2 22. Rdb1 Qc2 23. Rc1 Qb2 24. Rab1 Qa3 25. Bb4 Qxa2 26. Ne4 Qd5 27.
Bxf8 Kxf8 28. Nc5 a5 29. Rb7 Kg8 30. Rc7 g5 31. Nd7 1-0

[Event "Schachfestival Basel 2014"]
[Site "Basel"]
[Date "2014.01.02"]
[Round "3.12"]
[White "El Debs, Felipe de Cresce"]
[Black "Meier, Volker"]
[Result "1-0"]
[WhiteElo "2520"]
[BlackElo "2264"]
[PlyCount "59"]
[EventDate "2014.??.??"]
[EventRounds "7"]
[EventCountry "SUI"]
[SourceDate "2014.01.01"]

1. Nf3 c5 2. c4 Nc6 3. Nc3 g6 4. e3 Bg7 5. d4 d6 6. Be2 Nf6 7. d5 Nb8 8. O-O
O-O 9. e4 Bg4 10. Bg5 h6 11. Be3 Bxf3 12. Bxf3 Na6 13. Qd2 Kh7 14. Be2 Re8 15.
f4 e6 16. e5 Ng8 17. dxe6 Rxe6 18. Rad1 Qe8 19. Bg4 f5 20. exf6 Rxe3 21. fxg7
Rd8 22. f5 gxf5 23. Bxf5+ Kxg7 24. Nd5 Re5 25. Rf3 Qh5 26. Rdf1 Nb4 27. Rg3+
Kh8 28. Bg6 Qe2 29. Qxe2 Rxe2 30. Rf7 1-0

[Event "Schachfestival Basel 2014"]
[Site "Basel"]
[Date "2014.01.02"]
[Round "3.13"]
[White "Hort, Vlastimil"]
[Black "Xheladini, Mahmut"]
[Result "1-0"]
[WhiteElo "2439"]
[BlackElo "2232"]
[PlyCount "137"]
[EventDate "2014.??.??"]
[EventRounds "7"]
[EventCountry "SUI"]
[SourceDate "2014.01.01"]

1. d4 Nc6 2. Nf3 d6 3. e4 Nf6 4. Nc3 Bg4 5. Be3 a6 6. Be2 e5 7. d5 Ne7 8. h3
Bh5 9. Nd2 Bxe2 10. Nxe2 c5 11. a4 b5 12. axb5 axb5 13. O-O Rb8 14. c4 bxc4 15.
Qc2 Nc8 16. Nxc4 Be7 17. Ra6 O-O 18. Rfa1 Qd7 19. Nc3 Ne8 20. Qa4 Qb7 21. Ra8
Nc7 22. Rxb8 Qxb8 23. Ra3 Qb4 24. Rb3 Qxa4 25. Nxa4 f5 26. Rb7 Bd8 27. f3 fxe4
28. fxe4 Na6 29. Nc3 Rf7 30. Rb3 Rd7 31. Ra3 Nb8 32. Kf2 Rb7 33. Ke2 Bc7 34.
Kd3 Kf7 35. Kc2 Nd7 36. Rb3 Ra7 37. Nb5 Ra4 38. Nxc7 Rxc4+ 39. Kd3 Ra4 40. Rb7
h6 41. Nb5 Ke8 42. Nc3 Ra1 43. b4 cxb4 44. Rxb4 Ne7 45. Nb5 Nc8 46. Nc7+ Ke7
47. Ne6 g5 48. Rb7 Ra3+ 49. Ke2 Ra2+ 50. Kf3 Ra3 51. Ng7 Kd8 52. Nf5 Nc5 53.
Rh7 Nb3 54. Kf2 Ra2+ 55. Kg3 Ra3 56. Kg4 Ra4 57. Kh5 Rxe4 58. Rh8+ Kd7 59. Rh7+
Kd8 60. Rh8+ Kd7 61. Rxc8 Rxe3 62. Nxe3 Kxc8 63. Kxh6 Nd4 64. Kxg5 Kd8 65. h4
Ke8 66. Nf5 Nb5 67. h5 Kf8 68. h6 Kg8 69. Kg6 1-0